000 00712cab a2200241 4500
001 ABS47186
008 090401t1992 xxu||||| |||| 00| 0 eng d
035 _a(Sirsi) u60999
041 _aeng
100 _aCole, M.
245 _aGreening of the jolly giant
260 _c1992
350 _a0
490 _aConstruction News
_v(6287) 22 October 1992, 16(1)
520 _aDescribes a demolition contract in Hampshire which included a requirement to recycle as much of the building as possible.
650 _aBUILT ENVIRONMENT-BUILDING MATERIALS
650 _aIBM
650 _aPROCORD
650 _aRECYCLING
690 _aBUILT ENVIRONMENT-BUILDING MATERIALS
942 _n0
948 _c04/03/1997
999 _c37715
_d37715